Noms dans les titres de livres - Littérature française - Statistiques

Statistiques générales
  • Ce quiz a été pris 10 643 fois
  • Le résultat moyen est 11 sur 20
Statistiques - réponses
Auteur(s) Titre % Correct
Edmond Rostand {Cyrano} de Bergerac
95%
Molière Les Fourberies de {Scapin}
90%
Gustave Flaubert Madame {Bovary}
83%
Maurice Leblanc {Arsène} {Lupin}, gentleman-cambrioleur
76%
René Goscinny Albert Uderzo {Astérix} le Gaulois
74%
Beaumarchais Le Mariage de {Figaro}
64%
Abbé Prévost {Manon} Lescaut
59%
Marcel Proust Du côté de chez {Swann}
58%
Honoré de Balzac Le Père {Goriot}
58%
Voltaire {Candide} ou l'Optimisme
55%
Michel Tournier {Vendredi} ou la Vie sauvage
55%
François Rabelais {Gargantua} : Livre plein de Pantagruelisme
49%
Victor Hugo Ruy {Blas}
45%
Emile Zola La Fortune des {Rougon}
37%
Albert Camus Le Mythe de {Sisyphe}
35%
Raymond Queneau {Zazie} dans le métro
34%
Pierre de Saint-CloudRichard de Lison Le Roman de {Renart}
30%
Chrétien de Troyes {Perceval} ou le Conte du Graal
30%
Marguerite Yourcenar Mémoires d'{Hadrien}
28%
Jean-Jacques Rousseau Julie ou la Nouvelle {Héloïse}
20%
Aucun quiz correspondant
Distribution des résultats
% des personnes avec chaque résultat
Percentile par nombre de réponses
Votre historique - résultats
Vous n’avez pas pris ce quiz